000 03347cam a22002054a 4500
005 20250605163952.0
008 250528s ||||||||||||||||||||||||d
035 _a15407
020 _a9607344073
040 _aGR-AtMCL
_bgre
_dGR-AtMCL
_eAACR2
245 1 _aΔιοίκηση Προσωπικού
260 _bΣύγχρονη Εκδοτική,
_c1992
300 _a184
505 0 _aΗ Επιχείρηση Γενικά, Έννοια και Χαρακτηριστικά Γνωρίσματα της Επιχείρησης, Παράγοντες Ανάπτυξης και Λειτουργίας της Επιχείρησης, Σύγχρονη Ανάπτυξη και Οργάνωση της Επιχείρησης, Διοίκηση Προσωπικού, Έννοια και Ανάλυση, Αρμοδιότητες της Υπηρεσίας Προσωπικού, Μεταβολές της Υπηρεσιακής Κατάστασης του Προσωπικού, Προγραμματισμός Ανθρώπινου Δυναμικού, Ρόλος και Αποστολή των Διοικητικών Στελεχών στην Επιχείρηση, Μέθοδοι Αξιολόγησης Προσωπικού, Υποκίνηση Προσωπικού, Πολιτική Μισθών και Ημερομίσθιων, Υγεία και Ασφάλεια του Εργαζόμενου, Φυσικές Συνθήκες Εργασίας, Έλεγχος του Περιβάλλοντος - Βιομηχανική Υγιεινή, Πρόσθετες Παροχές στους Εργαζομένους, Εκπαίδευση Προσωπικού, Συμμετοχική Διοίκηση, Μορφές Συμμετοχής στην Ελλάδα, Σοσιαλιστική Επιχείρηση, Βιβλιογραφία.
520 _aΗ Επιχείρηση Γενικά, Έννοια και Χαρακτηριστικά Γνωρίσματα της Επιχείρησης, Παράγοντες Ανάπτυξης και Λειτουργίας της Επιχείρησης, Σύγχρονη Ανάπτυξη και Οργάνωση της Επιχείρησης, Διοίκηση Προσωπικού, Έννοια και Ανάλυση, Αρμοδιότητες της Υπηρεσίας Προσωπικού, Μεταβολές της Υπηρεσιακής Κατάστασης του Προσωπικού, Προγραμματισμός Ανθρώπινου Δυναμικού, Ρόλος και Αποστολή των Διοικητικών Στελεχών στην Επιχείρηση, Μέθοδοι Αξιολόγησης Προσωπικού, Υποκίνηση Προσωπικού, Πολιτική Μισθών και Ημερομίσθιων, Υγεία και Ασφάλεια του Εργαζόμενου, Φυσικές Συνθήκες Εργασίας, Έλεγχος του Περιβάλλοντος - Βιομηχανική Υγιεινή, Πρόσθετες Παροχές στους Εργαζομένους, Εκπαίδευση Προσωπικού, Συμμετοχική Διοίκηση, Μορφές Συμμετοχής στην Ελλάδα, Σοσιαλιστική Επιχείρηση, Βιβλιογραφία.
700 1 _aΜαντάς Νικόλαος Β
_91326
942 _cBK
999 _c989
_d989